Dawn in India (Record no. 328892)

000 -LEADER
fixed length control field 01505cam a22003617a 4500
001 - CONTROL NUMBER
control field 705757
003 - CONTROL NUMBER IDENTIFIER
control field Nust
005 - DATE AND TIME OF LATEST TRANSACTION
control field 20170418165526.0
007 - PHYSICAL DESCRIPTION FIXED FIELD--GENERAL INFORMATION
fixed length control field hduafb---bacp
007 - PHYSICAL DESCRIPTION FIXED FIELD--GENERAL INFORMATION
fixed length control field hdubfb---baap
008 - FIXED-LENGTH DATA ELEMENTS--GENERAL INFORMATION
fixed length control field 970626s1930 enk a 001 0 eng
010 ## - LIBRARY OF CONGRESS CONTROL NUMBER
LC control number 96909078
025 ## - OVERSEAS ACQUISITION NUMBER
Overseas acquisition number NBIL-08832
040 ## - CATALOGING SOURCE
Original cataloging agency DLC
Transcribing agency DLC
Modifying agency DLC
042 ## - AUTHENTICATION CODE
Authentication code lcode
043 ## - GEOGRAPHIC AREA CODE
Geographic area code a-ii---
050 00 - LIBRARY OF CONGRESS CALL NUMBER
Classification number Microfilm BUL-ENG-157 (D)
082 ## - DEWEY DECIMAL CLASSIFICATION NUMBER
Classification number 954
Author Mark YOU
100 1# - MAIN ENTRY--PERSONAL NAME
Personal name Younghusband, Francis Edward,
Titles and words associated with a name Sir,
Dates associated with a name 1863-1942.
245 10 - TITLE STATEMENT
Title Dawn in India
Remainder of title British purpose and Indian aspiration /
Statement of responsibility, etc. by Sir Francis Younghusband.
250 ## - EDITION STATEMENT
Edition statement 1st ed.
260 ## - PUBLICATION, DISTRIBUTION, ETC.
Place of publication, distribution, etc. London :
Name of publisher, distributor, etc. John Murray,
Date of publication, distribution, etc. 1930.
300 ## - PHYSICAL DESCRIPTION
Extent xvi, 331 p. ;
Dimensions 21 cm.
500 ## - GENERAL NOTE
General note Includes index.
520 ## - SUMMARY, ETC.
Summary, etc. Traces the historical and spiritual background of India's struggle for freedom and shows the enduring foundation upon which it rested.
533 ## - REPRODUCTION NOTE
Type of reproduction Microfilm.
Place of reproduction New Delhi :
Agency responsible for reproduction Library of Congress Office ;
Place of reproduction Chicago :
Agency responsible for reproduction Available from Center for Research Libraries,
Date of reproduction 1996.
Physical description of reproduction On 1 microfilm reel with other items ; 35 mm.
Series statement of reproduction (SAMP early 20th-century Indian books project ; item 08832)
Note about reproduction Master microform held by: ICRL.
651 #0 - SUBJECT ADDED ENTRY--GEOGRAPHIC NAME
Geographic name India
General subdivision Politics and government
Chronological subdivision 1919-1947.
651 #0 - SUBJECT ADDED ENTRY--GEOGRAPHIC NAME
Geographic name India
General subdivision Religion.
830 #0 - SERIES ADDED ENTRY--UNIFORM TITLE
Uniform title SAMP early 20th-century Indian books project ;
Volume/sequential designation item 08832.
906 ## - LOCAL DATA ELEMENT F, LDF (RLIN)
a 7
b cbc
c origode
d 5
e ncip
f 19
g y-genmicro
942 ## - ADDED ENTRY ELEMENTS (KOHA)
Source of classification or shelving scheme
Koha item type Book
Holdings
Withdrawn status Lost status Source of classification or shelving scheme Damaged status Not for loan Permanent Location Current Location Date acquired Total Checkouts Full call number Barcode Date last seen Price effective from Koha item type
          School of Civil and Environmental Engineering (SCEE) School of Civil and Environmental Engineering (SCEE) 04/18/2017   954 YOU NIT-9080 04/18/2017 04/18/2017 Book
© 2023 Central Library, National University of Sciences and Technology. All Rights Reserved.